|
000
|
00813nam0 2200265 45
|
|
001
|
1489
|
|
005
|
20251201171450.43
|
|
010
|
|
@a7-81066-375-5@dCNY16.00
|
|
100
|
|
@a19961012d2003 ekmy0chiy0120 ea
|
|
101
|
0
|
@achi
|
|
102
|
|
@aCN@b110000
|
|
105
|
|
@ay z 000yy
|
|
106
|
|
@ar
|
|
200
|
1
|
@a种猪饲养技术与管理@AZhong Zhu Si Yang Ji Shu Yu Guan Li@f冯继金@FFeng Ji Jin
|
|
210
|
|
@a北京@c中国农业大学出版社@d2003
|
|
215
|
|
@a309页@d20cm
|
|
225
|
2
|
@a猪全方位养殖技术丛书
|
|
330
|
|
@a本书阐述了猪的生物学特性、品种、选育和饲养管理、肥育猪的饲养管理、猪舍的设计与建设、常见猪病的诊断与防治技术等十一章内容。
|
|
461
|
0
|
@12001 @a猪全方位养殖技术丛书
|
|
606
|
|
@a养猪学
|
|
606
|
0
|
@a家畜
|
|
690
|
|
@aS828@v4
|
|
701
|
0
|
@a冯继金@AFeng Ji Jin
|
|
801
|
0
|
@aCN@bBSD@c19961012
|
|
905
|
|
@dS828@e752
|
|
|
|
|
| |
| 种猪饲养技术与管理/冯继金.-北京:中国农业大学出版社,2003 |
| 309页;20cm.-(猪全方位养殖技术丛书) |
| |
| |
| ISBN 7-81066-375-5:CNY16.00 |
| 本书阐述了猪的生物学特性、品种、选育和饲养管理、肥育猪的饲养管理、猪舍的设计与建设、常见猪病的诊断与防治技术等十一章内容。 |
| ● |
正题名:种猪饲养技术与管理
索取号:S828/752
 
预约/预借
| 序号
|
登录号
|
条形码
|
馆藏地/架位号
|
状态
|
备注
|
|
1
|
299919
|
300299919
|
海科密-1楼/56架14列5层/
[索取号:S828/752]
|
在馆
|
|
|
2
|
299920
|
300299920
|
流通三库四楼/柳城-4楼27架5列1层/
[索取号:S828/752]
|
在馆
|
|
|
3
|
299921
|
300299921
|
流通三库四楼/柳城-4楼27架5列1层/
[索取号:S828/752]
|
在馆
|
|
|
4
|
299922
|
300299922
|
流通三库四楼/柳城-4楼27架5列1层/
[索取号:S828/752]
|
在馆
|
|
|
5
|
299923
|
300299923
|
海科密-1楼/56架14列5层/
[索取号:S828/752]
|
在馆
|
|